| 000 | 00549nam a22001817a 4500 | ||
|---|---|---|---|
| 005 | 20221021145222.0 | ||
| 008 | 221021b ||||| |||| 00| 0 eng d | ||
| 020 | _a9789384211127 | ||
| 040 |
_aIN-DiNC _cIN-DiNC |
||
| 041 | _dasm | ||
| 082 |
_a823.3 _bGRA |
||
| 245 |
_aBananit basantar ba: _b(Assamese translation of Kenneth Grahame's The Wind in the Willows)/ _cby Kenneth Grahame |
||
| 260 |
_aGuwahati: _bSaraighat prakashan, _c2016. |
||
| 300 | _a82p. | ||
| 650 | _aEnglish novel | ||
| 700 |
_aDevi, Hironmoyee _eTranslator |
||
| 942 |
_2ddc _cBK |
||
| 999 |
_c11427 _d11427 |
||